[Event "CZE-ch U16"]
[Site "Kouty nad Desnou"]
[Date "2024.03.11"]
[Round "3"]
[White "Hozda, Max"]
[Black "Jasso, Matej"]
[Result "0-1"]
[WhiteElo "2032"]
[BlackElo "2060"]
[PlyCount "56"]
[EventDate "2024.03.09"]
[EventType "swiss"]
[EventRounds "9"]
[EventCountry "CZE"]
[SourceTitle "CB12_2024"]
[SourceDate "2023.10.01"]
[SourceVersion "1"]
[SourceVersionDate "2023.10.01"]
[SourceQuality "1"]

1. d4 d5 2. Nc3 Nf6 3. Bf4 c6 4. e3 Bf5 5. Nf3 e6 6. Ne5 Bd6 7. Bd3 Bxd3 8. cxd3 Na6 9. 0-0 0-0 10. a3 c5 11. dxc5 Nxc5 12. b4 Bxe5 13. Bxe5 Ncd7 14. Bd6 Re8 15. d4 Nb6 16. Bg3 Ne4 17. Nxe4 dxe4 18. f3 Qd5 19. Rc1 exf3 20. Rc5 fxg2 21. Rf4 Qd7 22. Qh5 g6 23. Rg4 Nd5 24. Be5 f6 25. e4 fxe5 26. Qxe5 Qf7 27. Rxg2 Ne3 28. Rf2 Qxf2+ 0-1

[Event "Prague Golden Blitz op"]
[Site "Prague"]
[Date "2023.06.18"]
[Round "10"]
[White "Hozda, Max"]
[Black "Hajiyev, Kanan"]
[Result "0-1"]
[WhiteElo "1964"]
[BlackElo "2115"]
[PlyCount "120"]
[EventDate "2023.06.18"]
[EventType "swiss (blitz)"]
[EventRounds "11"]
[EventCountry "CZE"]
[SourceTitle "CBM 215 Extra"]
[Source "ChessBase"]
[SourceDate "2023.09.30"]
[SourceVersion "1"]
[SourceVersionDate "2023.09.30"]
[SourceQuality "1"]

1. d4 Nf6 2. c4 e6 3. Nc3 Bb4 4. e3 0-0 5. Bd3 d5 6. Nf3 c5 7. 0-0 cxd4 8. exd4 dxc4 9. Bxc4 Nc6 10. Bg5 Be7 11. Qd2 Nb4 12. Rad1 b6 13. Bxf6 Bxf6 14. Ne4 Be7 15. d5 exd5 16. Bxd5 Nxd5 17. Qxd5 Qxd5 18. Rxd5 Bb7 19. Rd7 Bxe4 20. Rxe7 Bxf3 21. gxf3 Rfe8 22. Rfe1 Rxe7 23. Rxe7 Kf8 24. Rb7 h5 25. f4 g6 26. Kg2 Kg7 27. Kf3 Kf6 28. h4 Ke6 29. Ke4 Kf6 30. Kf3 Ke6 31. Rc7 Kf6 32. b3 Kg7 33. f5 gxf5 34. Kf4 Rd8 35. Rxa7 Rd4+ 36. Kxf5 Rxh4 37. Rb7 Rb4 38. Rc7 h4 39. Rc3 Kh6 40. a3 Rd4 41. b4 Kg7 42. Rb3 b5 43. Re3 Rc4 44. Kg5 f6+ 45. Kf5 Kf7 46. Rd3 Ke7 47. f4 Rc8 48. Kg4 Rh8 49. Rh3 Ke6 50. Rxh4 f5+ 51. Kg3 Rxh4 52. Kxh4 Kd5 53. Kg5 Ke4 54. a4 bxa4 55. b5 a3 56. b6 a2 57. b7 a1Q 58. b8Q Qg7+ 59. Kh5 Qg4+ 60. Kh6 Qxf4+ 0-1

[Event "Prague Golden Rapid op"]
[Site "Prague"]
[Date "2023.06.17"]
[Round "7"]
[White "Pribyl, Josef"]
[Black "Hozda, Max"]
[Result "1-0"]
[WhiteElo "2182"]
[BlackElo "1913"]
[PlyCount "97"]
[EventDate "2023.06.17"]
[EventType "swiss (rapid)"]
[EventRounds "9"]
[EventCountry "CZE"]
[SourceTitle "CBM 215 Extra"]
[Source "ChessBase"]
[SourceDate "2023.09.30"]
[SourceVersion "1"]
[SourceVersionDate "2023.09.30"]
[SourceQuality "1"]

1. c4 c5 2. Nf3 Nf6 3. Nc3 Nc6 4. g3 d6 5. d4 cxd4 6. Nxd4 g6 7. Bg2 Nxd4 8. Qxd4 Bg7 9. 0-0 0-0 10. Qd3 Rb8 11. Be3 b6 12. Bd4 Bb7 13. e4 Qd7 14. Rad1 Rfd8 15. h3 Bc6 16. Rfe1 Qb7 17. Nd5 e5 18. Be3 Nxd5 19. cxd5 Bd7 20. Rc1 Rbc8 21. Bf1 f5 22. Qa6 Qb8 23. f3 fxe4 24. fxe4 h5 25. b4 Rf8 26. Kg2 Kh7 27. Bb5 Rxc1 28. Rxc1 Bc8 29. Qa4 Qb7 30. Qc2 a6 31. Be2 Qd7 32. g4 Qe7 33. Qc7 Qh4 34. Rh1 Kh8 35. Qxd6 Bh6 36. Qxe5+ Kg8 37. Bd4 Kh7 38. Rf1 hxg4 39. Rxf8 Qxh3+ 40. Kf2 Qh4+ 41. Qg3 Qxg3+ 42. Kxg3 Bxf8 43. Bxg4 Bb7 44. a3 a5 45. Bc3 axb4 46. Bxb4 Kg7 47. Kf4 Bxb4 48. axb4 Kf6 49. e5+ 1-0

[Event "Prague Summer Holiday K1"]
[Site "Prague"]
[Date "2022.07.26"]
[Round "4"]
[White "Hozda, Max"]
[Black "Hosova, Sandra"]
[Result "1-0"]
[WhiteElo "1832"]
[BlackElo "1779"]
[PlyCount "81"]
[EventDate "2022.07.24"]
[EventType "tourn"]
[EventRounds "9"]
[EventCountry "CZE"]
[SourceTitle "CBM 209 Extra"]
[Source "ChessBase"]
[SourceDate "2022.09.30"]
[SourceVersion "1"]
[SourceVersionDate "2022.09.30"]
[SourceQuality "1"]

1. d4 d5 2. c4 c6 3. Nf3 Nf6 4. e3 e6 5. b3 Be7 6. Bd3 0-0 7. 0-0 Nbd7 8. Nc3 dxc4 9. bxc4 b6 10. e4 Bb7 11. Qc2 h6 12. Bb2 c5 13. d5 exd5 14. exd5 Qc7 15. Rfe1 Rae8 16. Re2 a5 17. Rae1 Bd6 18. Rxe8 Rxe8 19. Rxe8+ Nxe8 20. Ne4 Be7 21. Qe2 Nef6 22. Nxf6+ Nxf6 23. Bxf6 gxf6 24. Qe4 Kf8 25. Qh7 Ke8 26. Qxh6 Qd6 27. Qe3 Bc8 28. h4 Bg4 29. Nh2 f5 30. Nxg4 fxg4 31. h5 Qf6 32. h6 Kd8 33. h7 Qa1+ 34. Kh2 Bf6 35. Qh6 Ke7 36. Qe3+ Be5+ 37. g3 Qb2 38. Bf5 Kd8 39. Kg2 Bf6 40. Qe4 Qxa2 41. d6 1-0

[Event "Prague Golden Blitz op 17th"]
[Site "Prague"]
[Date "2022.07.16"]
[Round "11"]
[White "Hozda, Max"]
[Black "Bauer, Sebastian1111"]
[Result "1-0"]
[WhiteElo "1678"]
[BlackElo "1297"]
[PlyCount "53"]
[EventDate "2022.07.16"]
[EventType "swiss (blitz)"]
[EventRounds "11"]
[EventCountry "CZE"]
[SourceTitle "CBM 209 Extra"]
[Source "ChessBase"]
[SourceDate "2022.09.30"]
[SourceVersion "1"]
[SourceVersionDate "2022.09.30"]
[SourceQuality "1"]

1. d4 f5 2. Nf3 Nf6 3. g3 d5 4. Bg2 c5 5. 0-0 cxd4 6. Bf4 Nc6 7. Nxd4 Nxd4 8. Qxd4 e5 9. Qxe5+ Be7 10. Rd1 Qb6 11. Be3 Ng4 12. Qxe7+ Kxe7 13. Bxb6 axb6 14. Nc3 Be6 15. a3 Rhd8 16. Bxd5 Ra5 17. Bxe6 Rxd1+ 18. Rxd1 Kxe6 19. h3 Nf6 20. f3 g5 21. Kf2 h5 22. Rd4 Ke5 23. Rb4 Rc5 24. Rxb6 Nd5 25. Nxd5 Kxd5 26. c3 Kc4 27. Rxb7 1-0

[Event "CZE-ch U14"]
[Site "Luhacovice"]
[Date "2022.03.18"]
[Round "8"]
[White "Hozda, Max"]
[Black "Babula, Matej"]
[Result "1/2-1/2"]
[WhiteElo "1901"]
[BlackElo "1753"]
[PlyCount "63"]
[EventDate "2022.03.12"]
[EventType "swiss"]
[EventRounds "9"]
[EventCountry "CZE"]
[SourceTitle "EXT 2023"]
[Source "ChessBase"]
[SourceDate "2022.10.05"]
[SourceVersion "1"]
[SourceVersionDate "2022.10.05"]
[SourceQuality "1"]

1. d4 Nf6 2. c4 e6 3. Nc3 Bb4 4. Qc2 0-0 5. a3 Bxc3+ 6. Qxc3 Ne4 7. Qc2 f5 8. g3 b6 9. Bg2 Bb7 10. Nf3 Nf6 11. b4 Be4 12. Qb3 d6 13. 0-0 Nbd7 14. Rd1 Qe8 15. Bb2 Qh5 16. Qe3 h6 17. h3 Rfe8 18. Nd2 Bxg2 19. Kxg2 e5 20. Qf3 Qxf3+ 21. exf3 c5 22. dxc5 dxc5 23. Nb3 a5 24. bxa5 bxa5 25. Bc3 a4 26. Na5 e4 27. Nb7 exf3+ 28. Kxf3 Ne5+ 29. Bxe5 Rxe5 30. Rab1 Ne4 31. Rb6 Rae8 32. Rd7 1/2-1/2

[Event "CZE-ch U14"]
[Site "Herlikovice"]
[Date "2021.10.28"]
[Round "6"]
[White "Hozda, Max"]
[Black "Mikolas, Petr"]
[Result "1/2-1/2"]
[WhiteElo "1930"]
[BlackElo "1432"]
[PlyCount "66"]
[EventDate "2021.10.23"]
[EventType "swiss"]
[EventRounds "9"]
[EventCountry "CZE"]
[SourceTitle "EXT 2023"]
[Source "ChessBase"]
[SourceDate "2022.10.05"]
[SourceVersion "1"]
[SourceVersionDate "2022.10.05"]
[SourceQuality "1"]

1. c4 Nf6 2. Nc3 e6 3. Nf3 Bb4 4. Qc2 b6 5. g3 Bb7 6. Bg2 Bxc3 7. Qxc3 c5 8. 0-0 0-0 9. e3 Qc7 10. b3 d6 11. Bb2 Nbd7 12. a3 Rfd8 13. Rac1 Rac8 14. Rfd1 Bc6 15. d4 Qb7 16. Ne1 Bxg2 17. Nxg2 Nf8 18. Ne1 Ng6 19. Qd3 Qe7 20. Qe2 e5 21. dxc5 dxc5 22. Rc2 Rxd1 23. Qxd1 Rd8 24. Rd2 Rxd2 25. Qxd2 Qd7 26. Qxd7 Nxd7 27. Nf3 f6 28. Nd2 Kf7 29. Ne4 Ke6 30. Nc3 Ne7 31. Nb5 Nc6 32. Bc3 Ndb8 33. Nc7+ Kd7 1/2-1/2

[Event "CZE-ch U14"]
[Site "Herlikovice"]
[Date "2021.10.27"]
[Round "5"]
[White "Langmaier, Michal"]
[Black "Hozda, Max"]
[Result "0-1"]
[WhiteElo "1375"]
[BlackElo "1930"]
[PlyCount "94"]
[EventDate "2021.10.23"]
[EventType "swiss"]
[EventRounds "9"]
[EventCountry "CZE"]
[SourceTitle "EXT 2023"]
[Source "ChessBase"]
[SourceDate "2022.10.05"]
[SourceVersion "1"]
[SourceVersionDate "2022.10.05"]
[SourceQuality "1"]

1. d4 d5 2. c4 e6 3. Nc3 c6 4. cxd5 exd5 5. Nf3 Bf5 6. Bg5 Nf6 7. e3 Be7 8. Bd3 Bxd3 9. Qxd3 0-0 10. 0-0 Nbd7 11. Rab1 Ne4 12. Bxe7 Qxe7 13. b4 a6 14. a4 f5 15. b5 axb5 16. axb5 Ra3 17. Rfc1 g5 18. Nd2 Rf6 19. Ndxe4 fxe4 20. Qe2 Rh6 21. bxc6 bxc6 22. Qg4 Ra7 23. Ne2 Qf6 24. Ng3 Rg6 25. Ra1 Rxa1 26. Rxa1 Qe6 27. Qxe6+ Rxe6 28. Kf1 Nb6 29. Ra7 Nc4 30. Ke1 Rf6 31. Rc7 Na5 32. h3 Rf7 33. Rc8+ Kg7 34. Nh5+ Kg6 35. g4 h6 36. Ng3 Kh7 37. Nf5 h5 38. Re8 hxg4 39. hxg4 Kg6 40. Re6+ Rf6 41. Re8 Kf7 42. Re7+ Kf8 43. Rg7 Rxf5 44. gxf5 Kxg7 45. Kd2 Kf6 46. Kc3 Kxf5 47. Kb4 Nb7 0-1